Protocolo teórico-metodológico para la verificación del grado de protección legislativa de los derechos de la infancia en México : fundamentos jurídicos y argumentos doctrinales.
محفوظ في:
| المؤلف الرئيسي: | |
|---|---|
| مؤلفون آخرون: | |
| التنسيق: | كتاب |
| اللغة: | الإسبانية |
| الموضوعات: | |
| الوسوم: |
لا توجد وسوم, كن أول من يضع وسما على هذه التسجيلة!
|
MARC
| LEADER | 00000nam^a2200000^u^4500 | ||
|---|---|---|---|
| 001 | 000497197 | ||
| 005 | 20250521000000.0 | ||
| 008 | 070307s1000^^^^^^^^^^^^r^^^^^000^0^spa^d | ||
| 009 | 20260310125628.703 | ||
| 022 | |a 9703106978 | ||
| 035 | |a FCE 000040828 | ||
| 037 | |a Acervo ITESO - Biblioteca | ||
| 041 | |a spa | ||
| 082 | 0 | 4 | |a 344.0327 |b SALp |
| 100 | |a Salinas Berinstáin, Laura |e (autor) | ||
| 245 | 1 | 0 | |a Protocolo teórico-metodológico para la verificación del grado de protección legislativa de los derechos de la infancia en México : |b fundamentos jurídicos y argumentos doctrinales. |
| 264 | |a México : |b Universidad Autónoma Metropolitana, Unidad Xochimilco, |c 2006. | ||
| 300 | |a 104 p. | ||
| 336 | |a texto |b txt |2 rdacontenido | ||
| 337 | |a sin mediación |b n |2 rdamedio | ||
| 338 | |a volumen |b nc |2 rdasoporte | ||
| 596 | |a Fondo de Desarrollo de las Naciones Unidas para la Mujer (UNIFEM) | ||
| 596 | |a Programa Infancia | ||
| 649 | |a XX | ||
| 650 | |a Salud | ||
| 650 | |a Nutrición | ||
| 650 | |a Niño | ||
| 650 | |a Educación | ||
| 650 | |a Infancia | ||
| 650 | |a Derechos del niño | ||
| 650 | |a México | ||
| 700 | |a Gallo Campos, Laura |e (autor) | ||
| 910 | |a Fondo Centro de Estudios Educativos | ||
| 920 | |a Impresos - Libros | ||
| 930 | |a Fondos Especiales | ||
| 905 | |a 133 | ||
| 901 | |a ALE047678 |b IT2 |c CEE |u 20250521 | ||
| 902 | |a https://opac.biblio.iteso.mx/vufind/Record/000497197 | ||